000 00285nam a22001217a 4500
003 SGT
082 _a617.7
_bS08R
100 _aRANI, PADMAYA KUMARI
245 _aTHE SANKARA NETHRALAYA ATLAS OF RETINAL DISEASES
260 _aINDIA
_bJAYPEE
_c2008
300 _a592
942 _2ddc
_cBK
999 _c14997
_d14997